000 00760cab a2200277 4500
001 WB3221-28
008 090401t1996 xxu||||| |||| 00| 0 eng d
035 _a(Sirsi) u13923
041 _aeng
245 _aMidlands show way to recovery
260 _c1996
350 _a0
490 _aBirmingham Post
_v30 May 1996, 11(2)
520 _aThere is evidence of a recovery in the Midlands housing market. Reports by region and property type.
650 _aBIRMINGHAM
650 _aHEREFORD
650 _aHOUSE PRICES
650 _aHOUSEBUYING
650 _aMIDLANDS
650 _aSOLIHULL
650 _aWALSAL
650 _aWORCESTER
690 _aPROPERTY-RESIDENTIAL PROPERTY-RESIDENTIAL PROPERTY MARKET
942 _n0
948 _c04/03/1997
999 _c8996
_d8996